La santé au miroir de l'économie : Une histoire de l'économie de la santé en France (notice n° 2207722)

détails MARC
000 -LEADER
fixed length control field 01618cam a2200133 4500500
005 - DATE AND TIME OF LATEST TRANSACTION
control field 20260405090738.0
041 ## - LANGUAGE CODE
Language code of text/sound track or separate title fre
042 ## - AUTHENTICATION CODE
Authentication code dc
100 10 - MAIN ENTRY--PERSONAL NAME
Personal name Benamouzig, Daniel
Relator term author
245 00 - TITLE STATEMENT
Title La santé au miroir de l'économie : Une histoire de l'économie de la santé en France
260 ## - PUBLICATION, DISTRIBUTION, ETC.
Name of publisher, distributor, etc. Presses Universitaires de France,<br/>
Date of publication, distribution, etc. 2005.<br/>
520 ## - SUMMARY, ETC.
Summary, etc. Le système de santé est, en France, en chantier. Des parcours de soins doivent rendre l’accès des patients aux médecins plus pertinents, les malades se voient reconnaître des droits et sont associés à la «régulation» du système de santé… Pourtant le problème perdure, le «trou de la sécu» est toujours là et la situation est aussi ancienneque la sécurité sociale elle-même. Les raisons du déficit sont connues, elles tiennent aux principes dufinancement: d’un côté des cotisations qui dépendent de l’activité économique, de l’autredes dépenses qui augmentent. Les remèdes varient pour tenter d’équilibrer le système mais il faut infléchir les logiques. D’où la nécessité d’entreprendre une véritable réflexion économique pour comprendre les mécanismes de l’évolution dans le domaine de la santé. C’est ce que retrace ce livre:ledéveloppement d’une économie de la santé. Il étudie les usages du raisonnement économique dans le domaine de la santé depuis les années cinquante ainsi quel’activité sociale, institutionnelle et politique du travail des économistes.
856 41 - ELECTRONIC LOCATION AND ACCESS
Uniform Resource Identifier <a href="https://shs.cairn.info/la-sante-au-miroir-de-l-economie--9782130549024?lang=fr&redirect-ssocas=7080">https://shs.cairn.info/la-sante-au-miroir-de-l-economie--9782130549024?lang=fr&redirect-ssocas=7080</a>

Pas d'exemplaire disponible.

PLUDOC

PLUDOC est la plateforme unique et centralisée de gestion des bibliothèques physiques et numériques de Guinée administré par le CEDUST. Elle est la plus grande base de données de ressources documentaires pour les Étudiants, Enseignants chercheurs et Chercheurs de Guinée.

Adresse

627 919 101/664 919 101

25 boulevard du commerce
Kaloum, Conakry, Guinée

Réseaux sociaux

Powered by Netsen Group @ 2025